1001 1039 1017 1676 1185 1434 1204 1802 1992 1082 1717 1770 1771 1829 1741 1558 1875 1800 1354 1123 1770 1100 1294 1858 1311 1641 1940 1663 1890 1682 1351 1373 1838 1118 1648 1731 1800 1392 1733 1379 1188 1071 1431 1839 1224 1953 1760 1802 1497 1789 1162 1563 1350 1055 1204 1125 1455 1521 1930 1207 1880 1731 1485 1237 1453 1127 1545 1577 1646 1978 1065 1243 1299 1406 1124 1384 1774 1644 1648 1240 1908 1717 1058 1348 1925 1555 1427 1511 1564 1955 1532 1693 1453 1563 1219 1202 1170 1579 1212 BCNSPRNW ULIB Ver.6.0+V

เปลี่ยนเป็นภาษาไทย

Change to English
 แสดงรายละเอียดบรรณานุกรม
  กลับหน้าหลัก

Brief Record : Get Marc (ISO 2709) : E-mail record : QR code < ปิดหน้าต่าง
LEADER : 00000nam 2200000uu 4500
001    13399124451
003     ULIB
008    150722s2557||||th 000 0 tha d
020    ^a9786162754425
060 04 ^aWA292^bค127
100 0  ^aคณาทัต จันทร์ศิริ
245 10 ^aวินาทีชีวิต คู่มือปฐมพยาบาล =^bYour life in your hands /^cโดยคณาทัต จันทร์ศิริ
246 31 ^aYour life in your hands
260    ^aกรุงเทพฯ :^bPop Get Book,^c2557
300    ^a245 หน้า :^bภาพประกอบ ;^c21 ซม.
650  4 ^aปฐมพยาบาล
650  4 ^aผู้ป่วย
945    ^p220^l0^i039671
945    ^p220^l0^i039672
945    ^p220^l0^i039673
945    ^p220^l0^i039674
945    ^p220^l0^i039675
945    ^p220^l0^i039676
945    ^p220^l0^i039677
945    ^p220^l0^i039678
999    ^aเกษร โพธิ์สุวรรณ
รายการนี้ยังไม่มีแท็ก
คุณยังไม่ได้ล็อกอิน คุณสามารถมีกิจกรรมร่วมกับเว็บไซต์ได้ แต่ต้องล็อกอินก่อน ::
  ล็อกอิน

รายการสื่อสารสนเทศ

ลำดับที่ ประเภท เลขเรียก/บาร์โค้ด สถานที่ สถานะ
1. วิทยาศาสตร์การแพทย์ และสุขภาพ
วิทยาศาสตร์การแพทย์ และสุขภาพ
สถานะ=หนังสือเก่า
WA292 ค127 ฉ.1 
  Barcode: 039671
ห้องสมุดวิทยาเขตสวรรค์ประชารักษ์
►ส่วนจัดเก็บหนังสือเก่า สปร
บนชั้น
  ขอยืม
2. วิทยาศาสตร์การแพทย์ และสุขภาพ
วิทยาศาสตร์การแพทย์ และสุขภาพ
สถานะ=หนังสือเก่า
WA292 ค127 ฉ.2 
  Barcode: 039672
ห้องสมุดวิทยาเขตสวรรค์ประชารักษ์
►ส่วนจัดเก็บหนังสือเก่า สปร
บนชั้น
  ขอยืม
3. วิทยาศาสตร์การแพทย์ และสุขภาพ
วิทยาศาสตร์การแพทย์ และสุขภาพ
สถานะ=หนังสือเก่า
WA292 ค127 ฉ.3 
  Barcode: 039673
ห้องสมุดวิทยาเขตสวรรค์ประชารักษ์
►ส่วนจัดเก็บหนังสือเก่า สปร
บนชั้น
  ขอยืม
4. วิทยาศาสตร์การแพทย์ และสุขภาพ
วิทยาศาสตร์การแพทย์ และสุขภาพ
สถานะ=หนังสือเก่า
WA292 ค127 ฉ.4 
  Barcode: 039674
ห้องสมุดวิทยาเขตสวรรค์ประชารักษ์
►ส่วนจัดเก็บหนังสือเก่า สปร
บนชั้น
  ขอยืม
5. วิทยาศาสตร์การแพทย์ และสุขภาพ
วิทยาศาสตร์การแพทย์ และสุขภาพ
สถานะ=หนังสือเก่า
WA292 ค127 ฉ.5 
  Barcode: 039675
ห้องสมุดวิทยาเขตสวรรค์ประชารักษ์
►ส่วนจัดเก็บหนังสือเก่า สปร
บนชั้น
  ขอยืม
6. วิทยาศาสตร์การแพทย์ และสุขภาพ
วิทยาศาสตร์การแพทย์ และสุขภาพ
สถานะ=หนังสือเก่า
WA292 ค127 ฉ.6 
  Barcode: 039676
ห้องสมุดวิทยาเขตสวรรค์ประชารักษ์
►ส่วนจัดเก็บหนังสือเก่า สปร
บนชั้น
  ขอยืม
7. วิทยาศาสตร์การแพทย์ และสุขภาพ
วิทยาศาสตร์การแพทย์ และสุขภาพ
สถานะ=หนังสือเก่า
WA292 ค127 ฉ.7 
  Barcode: 039677
ห้องสมุดวิทยาเขตสวรรค์ประชารักษ์
►ส่วนจัดเก็บหนังสือเก่า สปร
บนชั้น
  ขอยืม
8. วิทยาศาสตร์การแพทย์ และสุขภาพ
วิทยาศาสตร์การแพทย์ และสุขภาพ
สถานะ=หนังสือเก่า
WA292 ค127 ฉ.8 
  Barcode: 039678
ห้องสมุดวิทยาเขตสวรรค์ประชารักษ์
►ส่วนจัดเก็บหนังสือเก่า สปร
บนชั้น
  ขอยืม

รายการใกล้เคียง
    ผู้แต่ง [คณาทัต จันทร์ศิริ]

    หัวเรื่อง [ปฐมพยาบาล]
    หัวเรื่อง [ผู้ป่วย]

BibComment


ยังไม่เคยถูกคอมเมนท์

คอมเมนท์ทรัพยากรรายการนี้
  คอมเมนท์: วินาทีชีวิต คู่ม..


 Copyright 2026. Bcnsprnw @Library